PHOTOGRAPHS of Malayan timbers

Bibliographic Details
Format: Book
Published: Kuala Lumpur : Caxton Press , 1956
Edition:3rd ed.
Series:Malayan forest records; no. 20
Subjects:

MARC

LEADER 00000cam a2200000 7i4500
001 0000001988
005 20020730.0
090 0 0 |a R338.17498   |b PHO 1956 
245 0 0 |a PHOTOGRAPHS of Malayan timbers 
250 0 0 |a 3rd ed. 
260 0 0 |a Kuala Lumpur :   |b Caxton Press ,   |c 1956 
300 |a 40 p. :   |b chiefly ill. ;   |c 14x18 cm. 
440 0 0 |a Malayan forest records; no. 20 
500 0 0 |a Cover title 
650 0 0 |a Timber   |z Malaysia 
650 0 0 |a Timber   |z Malaysia   |x Grading 
998 |a JPSM 
999 |a 0000003388   |b Monograph   |c Reference   |e Default branch